| 000 | 00714nam a22002297a 4500 | ||
|---|---|---|---|
| 999 |
_c15172 _d15172 |
||
| 003 | AR-CdUCM | ||
| 008 | 190426b ||||| |||| 00| 0 spa d | ||
| 020 | _a978-1-4749-2009-4 | ||
| 040 |
_aMUNICIPALIDAD PROVINCIAL DEL CUSCO _cBIBLIOTECA MUNICIPAL DEL CUSCO |
||
| 041 | _hspa | ||
| 082 |
_aEP / 900 / _bW32 |
||
| 100 |
_aWatt, Fiona _934199 |
||
| 245 | _aUsborne desplegables dinosaurios / | ||
| 260 |
_aLondres : _bUsborne, _c2016. |
||
| 300 |
_c19 cm. _bFiguras en alto relieve, |
||
| 650 |
_aAprendizaje infantil _933271 |
||
| 650 |
_aDinosaurios _933093 |
||
| 650 |
_aInfancia _95236 |
||
| 700 |
_aFernández Martínez, Cristina (Traducción) _933462 |
||
| 942 |
_2ddc _cLIBROS |
||
| 945 |
_arah _d26/04/2019 |
||